Brookings Papers on Economic Activity

Saved in:
Bibliographic Details
Format: Serial
Language:English
Published: Washington Brookings Institution 1991
Subjects:
Tags: Add Tag
No Tags, Be the first to tag this record!

MARC

LEADER 00000nas2a2200000 4500
001 s016617
005 20240109094138.6
022 |a 0007-2303 
041 0 |a eng 
044 |a US 
245 1 0 |a Brookings Papers on Economic Activity 
264 1 |a Washington  |b Brookings Institution  |c 1991 
300 |a 1 zv. 
773 0 |w eu_un_cat*s120569 
610 2 0 |a ekonómia